[Event "Rhein Main op-B 22nd"]
[Site "Bad Homburg"]
[Date "2019.06.20"]
[Round "3"]
[White "Bernig, Andreas"]
[Black "Wulf, Guenter"]
[Result "0-1"]
[WhiteElo "1923"]
[BlackElo "1690"]
[PlyCount "100"]
[EventDate "2019.06.19"]
[EventType "swiss"]
[EventRounds "7"]
[EventCountry "GER"]
[SourceTitle "EXT 2020"]
[Source "ChessBase"]
[SourceDate "2019.10.17"]
[SourceVersion "1"]
[SourceVersionDate "2019.10.17"]
[SourceQuality "1"]

1. e4 e5 2. d4 exd4 3. Qxd4 Nc6 4. Qe3 d6 5. Bc4 Ne5 6. Bb3 c6 7. h3 g6 8. f4 Bh6 9. Nc3 Be6 10. Bd2 Nd7 11. 0-0-0 Bxb3 12. cxb3 Ne7 13. Qd4 0-0 14. Qxd6 Nc8 15. Qd4 c5 16. Qe3 Ne5 17. Kb1 Qd3+ 18. Qxd3 Nxd3 19. Be3 Rd8 20. Kc2 Nb4+ 21. Kb1 Rxd1+ 22. Nxd1 b6 23. g4 Ne7 24. Nf3 Nd3 25. g5 Bg7 26. Rh2 f5 27. exf5 Nxf5 28. Rd2 Nxe3 29. Nxe3 Nxf4 30. h4 Re8 31. Nc4 b5 32. Nd6 Re3 33. Nh2 a6 34. Ng4 Rg3 35. Nf2 Bd4 36. Nde4 Rg1+ 37. Kc2 Be3 38. Nf6+ Kf7 39. Rd7+ Ke6 40. Nd1 Rg2+ 41. Kb1 Bd4 42. Ra7 Nd3 43. Rxa6+ Kf5 44. Nxh7 Rg1 45. Ra8 Be3 46. Rf8+ Kg4 47. Re8 Rxd1+ 48. Kc2 Rd2+ 49. Kb1 Rxb2+ 50. Ka1 Bd4 0-1

[Event "Rhein Main op-B 21st"]
[Site "Bad Homburg"]
[Date "2018.06.03"]
[Round "7"]
[White "Wulf, Guenter"]
[Black "Gude, Michael"]
[Result "0-1"]
[WhiteElo "1773"]
[BlackElo "1646"]
[PlyCount "72"]
[EventDate "2018.05.30"]
[EventType "swiss"]
[EventRounds "7"]
[EventCountry "GER"]
[SourceTitle "EXT 2019"]
[Source "ChessBase"]
[SourceDate "2018.10.10"]
[SourceVersion "1"]
[SourceVersionDate "2018.10.10"]
[SourceQuality "1"]

1. e4 e6 2. d4 d5 3. e5 c5 4. c3 Nc6 5. Nf3 Qb6 6. Qa4 Bd7 7. Bb5 Nge7 8. dxc5 Qc7 9. Bf4 Ng6 10. Bxc6 Bxc6 11. Qd4 Nxf4 12. Qxf4 Bxc5 13. 0-0 0-0 14. Qg3 Bb5 15. Re1 Bd3 16. Nbd2 Bg6 17. Nd4 a5 18. Rac1 a4 19. Kh1 Qb6 20. b3 Bxd4 21. cxd4 Qxd4 22. Nf3 Qb2 23. bxa4 Rac8 24. Rxc8 Rxc8 25. h3 Qxa2 26. Nh4 Qd2 27. Re3 Be4 28. Rb3 Qe1+ 29. Kh2 Rc1 30. Qf4 d4 31. Nf3 Qh1+ 32. Kg3 Bd5 33. Rd3 h6 34. Qxd4 Rc4 35. Qb6 Qc1 36. a5 Qf4# 0-1

[Event "Rhein Main op-B 20th"]
[Site "Bad Homburg"]
[Date "2017.06.18"]
[Round "7"]
[White "Wulf, Guenter"]
[Black "Rieger, Mario"]
[Result "1/2-1/2"]
[WhiteElo "1749"]
[BlackElo "1904"]
[PlyCount "142"]
[EventDate "2017.06.14"]
[EventType "swiss"]
[EventRounds "7"]
[EventCountry "GER"]
[SourceTitle "EXT 2018"]
[Source "ChessBase"]
[SourceDate "2017.10.13"]
[SourceVersion "1"]
[SourceVersionDate "2017.10.13"]
[SourceQuality "1"]

1. e4 c6 2. d4 d5 3. e5 Bf5 4. Nf3 e6 5. Bd3 Bxd3 6. Qxd3 Qa5+ 7. Bd2 Qa6 8. Qe3 Nd7 9. Nc3 Nb6 10. b3 h6 11. Ne2 Ne7 12. Ng3 Nd7 13. Bb4 Qb5 14. c3 a5 15. a4 Qb6 16. Bxe7 Bxe7 17. 0-0 0-0 18. Nd2 c5 19. Rfb1 cxd4 20. cxd4 Rac8 21. Rc1 Rc6 22. Rxc6 Qxc6 23. Ne2 Bb4 24. Rc1 Qb6 25. Nf3 Nb8 26. Nc3 Ba3 27. Rb1 Rc8 28. Nb5 Bb4 29. Rc1 Rxc1+ 30. Qxc1 Qc6 31. Qxc6 bxc6 32. Nd6 Bxd6 33. exd6 Kf8 34. Ne5 Ke8 35. Kf1 f6 36. Nd3 Na6 37. Nc5 Nb4 38. Ke2 e5 39. Kd2 g5 40. g4 e4 41. Nb7 Kd7 42. Nxa5 Kxd6 43. Nb7+ Kc7 44. Nc5 Kb6 45. Ne6 Nd3 46. Ke3 Nc1 47. Nc5 Na2 48. Nd7+ Ka5 49. Nxf6 Nc1 50. Ng8 Nxb3 51. Nxh6 Na1 52. Kd2 Nb3+ 53. Kc3 Kxa4 54. Nf7 Nc1 55. Kd2 Nd3 56. Ke3 Ne1 57. Nxg5 Nc2+ 58. Kd2 Nxd4 59. h4 c5 60. h5 Nc6 61. Ne6 Kb4 62. g5 Ne7 63. g6 Ng8 64. Ng5 c4 65. Ne6 c3+ 66. Kc2 Kc4 67. Ng5 d4 68. Nxe4 d3+ 69. Kc1 Kd4 70. f3 Ke3 71. Nxc3 Kxf3 1/2-1/2

[Event "Rhein Main op-B 20th"]
[Site "Bad Homburg"]
[Date "2017.06.17"]
[Round "5"]
[White "Wulf, Guenter"]
[Black "Bahr, Arne"]
[Result "1/2-1/2"]
[WhiteElo "1749"]
[BlackElo "1654"]
[PlyCount "120"]
[EventDate "2017.06.14"]
[EventType "swiss"]
[EventRounds "7"]
[EventCountry "GER"]
[SourceTitle "EXT 2018"]
[Source "ChessBase"]
[SourceDate "2017.10.13"]
[SourceVersion "1"]
[SourceVersionDate "2017.10.13"]
[SourceQuality "1"]

1. e4 g6 2. d4 Nf6 3. Bd3 d5 4. e5 Nh5 5. Bd2 c5 6. c3 Nc6 7. dxc5 Nxe5 8. Be2 Nf6 9. Nf3 Nxf3+ 10. Bxf3 e6 11. Be3 Qc7 12. b4 a5 13. 0-0 Bd7 14. Re1 Bg7 15. Bd4 0-0 16. a4 axb4 17. cxb4 Ne8 18. Bxg7 Nxg7 19. Nc3 Qf4 20. Qb3 Nf5 21. Bxd5 exd5 22. Nxd5 Qg5 23. Qc3 f6 24. f4 Qh6 25. Nxf6+ Rxf6 26. Qxf6 Qxf4 27. Rad1 Qxb4 28. Qe5 Bc6 29. Qf6 Qxc5+ 30. Kh1 Qf2 31. Qg5 Nh4 32. Rg1 Bxg2+ 33. Rxg2 Qxg2+ 34. Qxg2 Nxg2 35. Kxg2 Rxa4 36. Rd8+ Kg7 37. Rd7+ Kh6 38. Rxb7 Rf4 39. Kg3 g5 40. Rb6+ Kh5 41. h3 Rc4 42. Rb5 Rc3+ 43. Kg2 Kg6 44. Rb6+ Kh5 45. Rb5 Kh4 46. Rb4+ Kh5 47. Rb5 h6 48. Rb6 Rc4 49. Kg3 Rf4 50. Rc6 Rf7 51. Rb6 Rg7 52. Rc6 Rg6 53. Rc5 Rf6 54. Rc4 Kg6 55. h4 Rf1 56. hxg5 hxg5 57. Kg4 Rg1+ 58. Kf3 Kf5 59. Rc5+ Ke6 60. Kf2 Rg4 1/2-1/2

[Event "Rhein Main op-B 20th"]
[Site "Bad Homburg"]
[Date "2017.06.15"]
[Round "2"]
[White "Bajorski, Leszek"]
[Black "Wulf, Guenter"]
[Result "0-1"]
[WhiteElo "1960"]
[BlackElo "1749"]
[PlyCount "64"]
[EventDate "2017.06.14"]
[EventType "swiss"]
[EventRounds "7"]
[EventCountry "GER"]
[SourceTitle "EXT 2018"]
[Source "ChessBase"]
[SourceDate "2017.10.13"]
[SourceVersion "1"]
[SourceVersionDate "2017.10.13"]
[SourceQuality "1"]

1. e4 e6 2. d4 b6 3. Nf3 Bb7 4. Nbd2 g6 5. Bd3 Bg7 6. 0-0 d6 7. Re1 Ne7 8. c3 Nd7 9. Nf1 0-0 10. Bd2 Rc8 11. Rc1 c5 12. b4 c4 13. Bc2 b5 14. a4 a6 15. Ra1 Ra8 16. Qc1 Nb6 17. Bh6 Qe8 18. Bxg7 Kxg7 19. Ne3 Qd7 20. a5 Nbc8 21. Ng4 Ng8 22. Qe3 h5 23. Nge5 dxe5 24. Nxe5 Qe7 25. g4 f6 26. Nxg6 Kxg6 27. gxh5+ Kh7 28. d5 Qg7+ 29. Kf1 e5 30. Qh3 Nd6 31. Re3 Bc8 32. Qh4 Qg5 0-1

[Event "Rhein Main op-B 18th"]
[Site "Bad Homburg"]
[Date "2015.06.05"]
[Round "4"]
[White "Wulf, Guenter"]
[Black "Bahlo, Jens"]
[Result "0-1"]
[WhiteElo "1786"]
[BlackElo "1988"]
[PlyCount "50"]
[EventDate "2015.06.03"]
[EventType "swiss"]
[EventRounds "7"]
[EventCountry "GER"]
[SourceTitle "CBM 167 Extra"]
[Source "ChessBase"]
[SourceDate "2015.09.14"]
[SourceVersion "1"]
[SourceVersionDate "2015.09.14"]
[SourceQuality "1"]

1. e4 Nc6 2. Nf3 d5 3. exd5 Qxd5 4. Be2 e5 5. Nc3 Qe6 6. b3 a6 7. 0-0 Bd7 8. Bc4 Qg6 9. Bd3 f5 10. Nh4 Qf6 11. g3 Bd6 12. Nd5 Qf7 13. Bc4 Be6 14. Ne3 Nge7 15. Be2 0-0-0 16. Nc4 Bc5 17. a4 Rhg8 18. Bb2 e4 19. Ng2 g5 20. Qc1 f4 21. Bd1 Nf5 22. d3 fxg3 23. hxg3 Nxg3 24. d4 Nxd4 25. Nce3 Nde2+ 0-1

[Event "Rhein Main op-B 18th"]
[Site "Bad Homburg"]
[Date "2015.06.04"]
[Round "3"]
[White "Hildebrand, Georg"]
[Black "Wulf, Guenter"]
[Result "0-1"]
[WhiteElo "1611"]
[BlackElo "1786"]
[PlyCount "136"]
[EventDate "2015.06.03"]
[EventType "swiss"]
[EventRounds "7"]
[EventCountry "GER"]
[SourceTitle "CBM 167 Extra"]
[Source "ChessBase"]
[SourceDate "2015.09.14"]
[SourceVersion "1"]
[SourceVersionDate "2015.09.14"]
[SourceQuality "1"]

1. c4 e5 2. a3 Nf6 3. Nc3 Be7 4. d3 c6 5. g3 0-0 6. Bg2 d5 7. b3 Nbd7 8. Bb2 Rb8 9. Nf3 d4 10. Na2 b5 11. Qc2 bxc4 12. Qxc4 Qb6 13. Nd2 c5 14. 0-0 Ba6 15. Qc2 Bb7 16. Nc4 Qe6 17. f3 Nd5 18. Rfe1 N7b6 19. e4 Nxc4 20. bxc4 Ne3 21. Qf2 f5 22. Bc1 fxe4 23. Bxe3 exf3 24. Bh1 dxe3 25. Rxe3 Qf6 26. Rae1 Bd6 27. Nc3 e4 28. dxe4 Be5 29. Rxf3 Bd4 30. Rxf6 Rxf6 31. Qxd4 cxd4 32. Nd5 Bxd5 33. exd5 d3 34. Rd1 Rb3 35. c5 Rc3 36. c6 Kf7 37. Be4 Ke7 38. Bxd3 g6 39. a4 Kd6 40. Be4 Rc4 41. Bg2 Rxa4 42. Rc1 Rf7 43. h4 Ra2 44. Kh2 Rff2 45. c7 Rxg2+ 46. Kh3 Rgc2 47. c8Q Rxc8 48. Rxc8 Re2 49. Rd8+ Kc7 50. Rg8 Re7 51. Kg4 Kd6 52. Rd8+ Rd7 53. Rb8 Kxd5 54. Kg5 Ke6 55. Rb3 Kf7 56. Kh6 Rd5 57. g4 Rd4 58. Rb7+ Kg8 59. Kg5 a5 60. Kf6 Rd6+ 61. Ke7 Ra6 62. h5 g5 63. h6 Rxh6 64. Ra7 Rh4 65. Kf6 Rh6+ 66. Kxg5 Rg6+ 67. Kf5 Rb6 68. Rxa5 Rb7 0-1

[Event "Rhein Main op-B 17th"]
[Site "Bad Homburg"]
[Date "2014.06.18"]
[Round "1"]
[White "Gutacker, Stephan"]
[Black "Wulf, Guenter"]
[Result "0-1"]
[WhiteElo "1944"]
[BlackElo "1578"]
[PlyCount "86"]
[EventDate "2014.06.18"]
[EventType "swiss"]
[EventRounds "9"]
[EventCountry "GER"]
[SourceTitle "CBM 161 Extra"]
[Source "ChessBase"]
[SourceDate "2014.08.29"]
[SourceVersion "1"]
[SourceVersionDate "2014.08.29"]
[SourceQuality "1"]

1. e4 e6 2. d4 d5 3. Nd2 Nc6 4. c3 Bd7 5. Ngf3 dxe4 6. Nxe4 Nf6 7. Bd3 Nxe4 8. Bxe4 Bd6 9. 0-0 h6 10. Re1 Qe7 11. d5 Nd8 12. Nd4 0-0 13. Qf3 f5 14. Bc2 e5 15. g3 Qf6 16. Nb3 Nf7 17. Be3 b6 18. h4 Rac8 19. Rad1 e4 20. Qg2 c5 21. dxc6 Bxc6 22. Nd4 Ne5 23. Bb3+ Kh8 24. Qh3 Bd7 25. Bf4 Nd3 26. Bxd6 Qxd6 27. Re2 f4 28. g4 Rce8 29. f3 Qg6 30. h5 Qg5 31. Qg2 exf3 32. Nxf3 Rxe2 33. Nxg5 Rxg2+ 34. Kxg2 Bc6+ 35. Kf1 Ne5 36. Ne6 Re8 37. g5 hxg5 38. Nxg5 Bb5+ 39. Kg1 Be2 40. Rd4 Rf8 41. Kf2 Bxh5 42. Ne6 Rf6 43. Rxf4 Nd3+ 0-1

[Event "Rhein Main op-B 16th"]
[Site "Bad Homburg"]
[Date "2013.06.02"]
[Round "7"]
[White "Ross, Norbert"]
[Black "Wulf, Guenter"]
[Result "1-0"]
[WhiteElo "1734"]
[BlackElo "1563"]
[PlyCount "67"]
[EventDate "2013.05.29"]
[EventType "swiss"]
[EventRounds "7"]
[EventCountry "GER"]
[SourceTitle "EXT 2014"]
[Source "ChessBase"]
[SourceDate "2013.11.20"]
[SourceVersion "1"]
[SourceVersionDate "2013.11.20"]
[SourceQuality "1"]

1. d4 Nf6 2. c4 e6 3. Nc3 Bb4 4. e3 c5 5. Bd3 Nc6 6. Nf3 d5 7. 0-0 0-0 8. a3 Bxc3 9. bxc3 dxc4 10. Bxc4 Na5 11. Ba2 c4 12. Ne5 b5 13. Bb2 Bb7 14. f3 Nc6 15. Nxc6 Bxc6 16. e4 Qc7 17. Qc2 Qf4 18. Rad1 h6 19. Bc1 Qc7 20. Bb1 e5 21. d5 Bd7 22. Be3 Ne8 23. f4 a5 24. fxe5 Qxe5 25. Bd4 Qh5 26. Bc5 Nf6 27. e5 Qxe5 28. Rxf6 g6 29. Bd4 Qg5 30. Qd2 Qh5 31. Rdf1 Rae8 32. Qf2 Re2 33. Qg3 g5 34. Bg6 1-0

[Event "Rhein Main op-B 16th"]
[Site "Bad Homburg"]
[Date "2013.05.29"]
[Round "1"]
[White "Wulf, Guenter"]
[Black "Koestler, Peter"]
[Result "1/2-1/2"]
[WhiteElo "1563"]
[BlackElo "1919"]
[PlyCount "54"]
[EventDate "2013.05.29"]
[EventType "swiss"]
[EventRounds "7"]
[EventCountry "GER"]
[SourceTitle "EXT 2014"]
[Source "ChessBase"]
[SourceDate "2013.11.20"]
[SourceVersion "1"]
[SourceVersionDate "2013.11.20"]
[SourceQuality "1"]

1. Nf3 c6 2. e4 g6 3. Nc3 Bg7 4. d4 d5 5. e5 Bg4 6. h3 Bxf3 7. Qxf3 e6 8. Bd3 Nd7 9. Be3 Ne7 10. Ne2 c5 11. c3 Nc6 12. 0-0 0-0 13. Ng3 a6 14. Qd1 Qh4 15. Qd2 cxd4 16. cxd4 h6 17. Bc2 Rac8 18. Rac1 Ne7 19. Ne2 Nf5 20. g3 Qe7 21. Bxf5 gxf5 22. Bxh6 Kh8 23. Bxg7+ Kxg7 24. Nf4 Rc4 25. h4 Rfc8 26. b3 R4c6 27. Kg2 Kh7 1/2-1/2

[Event "Rhein Main op-A 15th"]
[Site "Bad Homburg"]
[Date "2012.06.06"]
[Round "1"]
[White "Eg, Karlheinz"]
[Black "Wulf, Guenter"]
[Result "1-0"]
[WhiteElo "2032"]
[BlackElo "1746"]
[PlyCount "59"]
[EventDate "2012.06.06"]
[EventType "swiss"]
[EventRounds "7"]
[EventCountry "GER"]
[SourceTitle "EXT 2013"]
[Source "ChessBase"]
[SourceDate "2012.11.22"]
[SourceVersion "1"]
[SourceVersionDate "2012.11.22"]
[SourceQuality "1"]

1. e4 e5 2. Nf3 Nc6 3. Bb5 d6 4. d4 exd4 5. Nxd4 Bd7 6. Nf5 g6 7. Ng3 Bg7 8. Nc3 Nge7 9. 0-0 0-0 10. f4 f5 11. Bc4+ Kh8 12. Be3 fxe4 13. Ngxe4 Nf5 14. Bf2 Na5 15. Be2 Be6 16. Bf3 Nc4 17. Qc1 Nd4 18. Bd1 Bf5 19. Nd2 d5 20. Nxc4 dxc4 21. Ne2 Bxc2 22. Nxd4 Bd3 23. Ne6 Qf6 24. Nxg7 Bxf1 25. Kxf1 Kxg7 26. Bf3 c6 27. Qxc4 Rad8 28. Re1 Rd7 29. Re6 Qxb2 30. Re7+ 1-0